[Event "World Blitz Championship (Women)"]
[Site "Doha QAT"]
[Date "2016.12.30"]
[EventDate "2016.12.29"]
[Round "10.16"]
[Result "0-1"]
[White "Vlada Sviridova"]
[Black "Elisabeth Paehtz"]
[WhiteElo "2144"]
[BlackElo "2463"]
[PlyCount "108"]

1. d4 d5 2. Nf3 c6 3. c4 Nf6 4. Nc3 a6 5. a4 e6 6. Bg5 a5
7. e3 Be7 8. Be2 Na6 9. O-O Nb4 10. Nd2 O-O 11. Qb3 b6
12. Rac1 h6 13. Bf4 Ba6 14. Rfd1 Nd7 15. cxd5 exd5 16. Bxa6
Rxa6 17. Na2 Qa8 18. e4 dxe4 19. Nxe4 Nd5 20. Bd6 Re8 21. Nac3
Nb4 22. Bxb4 axb4 23. Ne2 Rxa4 24. N2g3 Bf8 25. Rc2 Ra5
26. Rdc1 c5 27. d5 Ra1 28. h4 Rxc1+ 29. Rxc1 Qb8 30. Rd1 Qf4
31. Qa4 Rd8 32. Qc6 Qxh4 33. Rd3 Ne5 34. Qb5 Nxd3 35. Qxd3 Qf4
36. Qc4 Qe5 37. d6 Bxd6 38. Qa6 Bf8 39. Qxb6 Rd1+ 40. Kh2 Qf4
41. Kh3 c4 42. Qc6 Rd4 43. f3 Qe5 44. Qc8 Qe6+ 45. Qxe6 fxe6
46. Ne2 Rd3 47. Nf4 Re3 48. Nxe6 c3 49. bxc3 bxc3 50. Nd4 Rd3
51. Ne2 Bb4 52. Nc1 Rd1 53. Na2 c2 54. Kg3 c1=Q 0-1

[Event "World Blitz Championship (Women)"]
[Site "Doha QAT"]
[Date "2016.12.30"]
[EventDate "2016.12.29"]
[Round "12.10"]
[Result "0-1"]
[White "Zhu Chen"]
[Black "Elisabeth Paehtz"]
[WhiteElo "2419"]
[BlackElo "2463"]
[PlyCount "80"]

1. d4 d6 2. e4 g6 3. Nf3 Bg7 4. c3 Nf6 5. Bd3 O-O 6. O-O Nc6
7. Re1 e5 8. Nbd2 Bg4 9. h3 Bd7 10. Nf1 Nh5 11. Bg5 Qc8
12. dxe5 dxe5 13. b4 Nf4 14. Bc4 Be6 15. Ne3 h6 16. Bh4 g5
17. Bg3 Rd8 18. Qb3 Ne7 19. Nd5 Neg6 20. Rad1 b5 21. Bxb5 c6
22. Bc4 cxd5 23. exd5 Bf5 24. Bxf4 gxf4 25. d6 Qd7 26. Bd5
Rab8 27. c4 a5 28. a3 axb4 29. axb4 Rdc8 30. c5 Rxc5 31. Bxf7+
Kh7 32. bxc5 Rxb3 33. Bxb3 e4 34. Nh2 Bxh3 35. gxh3 Qxh3
36. Bc4 f3 37. Bf1 Qh4 38. Rd5 Nf4 39. Rf5 Nh3+ 40. Bxh3 Qxh3
0-1

[Event "World Blitz Championship (Women)"]
[Site "Doha QAT"]
[Date "2016.12.30"]
[EventDate "2016.12.29"]
[Round "13.10"]
[Result "1-0"]
[White "Elisabeth Paehtz"]
[Black "Dinara Saduakassova"]
[WhiteElo "2463"]
[BlackElo "2428"]
[PlyCount "67"]

1. e4 c5 2. Nc3 Nc6 3. Bb5 d6 4. Bxc6+ bxc6 5. d3 g6 6. f4 Bg7
7. Nf3 Nf6 8. O-O O-O 9. Qe1 Rb8 10. b3 Nh5 11. Bd2 Bxc3
12. Bxc3 Nxf4 13. e5 Bg4 14. Qh4 Ne2+ 15. Kh1 Bxf3 16. Rxf3
Nxc3 17. Qh6 f6 18. e6 f5 19. Rh3 Rf7 20. exf7+ Kxf7 21. Qxh7+
Kf6 22. Qh4+ Kf7 23. Re1 Nd5 24. Qh7+ Kf6 25. c4 Nf4 26. Qh4+
g5 27. Qh6+ Kf7 28. Qxg5 Nxh3 29. Qxf5+ Ke8 30. Qxh3 Qa5
31. Qe6 Rb7 32. h4 Qxa2 33. Qc8+ Kf7 34. Qxb7 1-0

[Event "World Blitz Championship (Women)"]
[Site "Doha QAT"]
[Date "2016.12.30"]
[EventDate "2016.12.29"]
[Round "14.5"]
[Result "0-1"]
[White "Dronavalli Harika"]
[Black "Elisabeth Paehtz"]
[WhiteElo "2543"]
[BlackElo "2463"]
[PlyCount "94"]

1. d4 d5 2. Nf3 Nf6 3. Bf4 c6 4. Nbd2 Qb6 5. Rb1 Bf5 6. e3 h6
7. Be2 e6 8. O-O Nbd7 9. b3 Be7 10. Rc1 O-O 11. c4 Ba3 12. Ra1
Bb2 13. c5 Qd8 14. Bd6 Re8 15. a4 Bxa1 16. Qxa1 Ne4 17. Nxe4
Bxe4 18. b4 a6 19. Nd2 Bg6 20. f4 Nf6 21. Qb2 b5 22. Qa3 Qd7
23. Be5 Ne4 24. Nxe4 Bxe4 25. Ra1 Qb7 26. Bd6 Bc2 27. a5 Be4
28. Qb2 Qd7 29. Qd2 Qd8 30. Bd3 Bxd3 31. Qxd3 Qf6 32. Rf1 Qf5
33. Qxf5 exf5 34. Kf2 Re4 35. Re1 Kh7 36. Kf3 Rae8 37. Re2 g5
38. g3 Kg6 39. Re1 f6 40. Bc7 g4+ 41. Kf2 h5 42. Bd6 Rh8
43. Kf1 h4 44. Kg2 Rh5 45. Re2 Re8 46. gxh4 Rxh4 47. Kg1 Rh3
0-1

[Event "World Blitz Championship (Women)"]
[Site "Doha QAT"]
[Date "2016.12.30"]
[EventDate "2016.12.29"]
[Round "15.6"]
[Result "1-0"]
[White "Elisabeth Paehtz"]
[Black "Ju Wenjun"]
[WhiteElo "2463"]
[BlackElo "2579"]
[PlyCount "127"]

1. e4 c5 2. Nc3 e6 3. Nf3 Nc6 4. d4 cxd4 5. Nxd4 a6 6. Nb3 Nf6
7. Bd3 d5 8. exd5 exd5 9. O-O Be7 10. Bf4 O-O 11. a3 Be6
12. h3 Re8 13. Qf3 h6 14. Rfe1 Bd6 15. Re2 Qc7 16. Bxd6 Qxd6
17. Rae1 Bd7 18. Rxe8+ Rxe8 19. Rxe8+ Bxe8 20. Ne2 Ne5 21. Qf4
Qe7 22. Qe3 Qd6 23. Qf4 Bd7 24. Nbd4 Qe7 25. Qe3 Qd6 26. Ng3
Nxd3 27. Qxd3 Qb6 28. b3 Qd6 29. a4 Qe5 30. Qe3 Qxe3 31. fxe3
g6 32. Kf2 Kf8 33. Ke2 Ke7 34. Kd3 Kd6 35. Nde2 h5 36. h4 Ke5
37. Nd4 Ng4 38. Nf3+ Kd6 39. Kd4 f6 40. Ne2 Nh6 41. Ng3 Bg4
42. Nd2 Bd1 43. c4 dxc4 44. Nxc4+ Ke6 45. Nd2 b6 46. e4 Nf7
47. Ngf1 Nd6 48. Ne3 Be2 49. g3 b5 50. a5 Nb7 51. b4 Kd6
52. Nb3 Bf3 53. Nf1 Kc6 54. Nfd2 Bg2 55. e5 fxe5+ 56. Kxe5 Nd6
57. Nc5 Nc4+ 58. Nxc4 bxc4 59. Kd4 Kb5 60. Kc3 Bd5 61. Nd7 Be6
62. Ne5 Bf5 63. Nxc4 Be6 64. Ne5 1-0

[Event "World Blitz Championship (Women)"]
[Site "Doha QAT"]
[Date "2016.12.30"]
[EventDate "2016.12.29"]
[Round "17.2"]
[Result "0-1"]
[White "Elisabeth Paehtz"]
[Black "Kateryna Lahno"]
[WhiteElo "2463"]
[BlackElo "2530"]
[PlyCount "118"]

1. e4 e5 2. Nf3 Nc6 3. Bc4 Bc5 4. d3 Nf6 5. O-O a6 6. a4 O-O
7. h3 h6 8. Re1 d6 9. c3 Ba7 10. Nbd2 Nh5 11. Nxe5 Qh4
12. Nef3 Qxf2+ 13. Kh2 Bxh3 14. Re2 Qg3+ 15. Kh1 Bxg2+
16. Rxg2 Qh3+ 17. Nh2 Ng3+ 18. Rxg3 Qxg3 19. d4 Kh8 20. Qg1
Qxg1+ 21. Kxg1 f5 22. exf5 Rxf5 23. Bd3 Rg5+ 24. Kh1 Rf8
25. Ne4 Rgf5 26. Bd2 d5 27. Ng3 Rf2 28. Rf1 Ne7 29. Kg1 Rxf1+
30. Nhxf1 c5 31. dxc5 Bxc5+ 32. Be3 Bxe3+ 33. Nxe3 Rf4 34. Bc2
d4 35. cxd4 Rxd4 36. Ne4 Nc6 37. Nf5 Rb4 38. b3 Nd4 39. Nxd4
Rxd4 40. Kf2 g6 41. Ke3 Rd7 42. Nd2 Kg7 43. Nc4 Re7+ 44. Kd4
h5 45. Be4 h4 46. Ne3 Kh6 47. Bg2 Kg5 48. Nd5 Re2 49. Bf3 Rf2
50. Ke3 Rb2 51. b4 h3 52. b5 axb5 53. axb5 Rxb5 54. Kf2 Kh4
55. Nc3 Rb2+ 56. Ne2 g5 57. Ke3 g4 58. Be4 g3 59. Nf4 g2 0-1

[Event "TOP 12 Feminin GpB"]
[Site "Mulhouse FRA"]
[Date "2017.05.06"]
[EventDate "2017.05.05"]
[Round "2.1"]
[Result "1/2-1/2"]
[White "Elisabeth Paehtz"]
[Black "Filiz Osmanodja"]
[WhiteElo "2474"]
[BlackElo "2263"]
[PlyCount "114"]

1. d4 Nf6 2. c4 e6 3. Nc3 Bb4 4. e3 O-O 5. Bd3 c5 6. Ne2 cxd4
7. exd4 d5 8. cxd5 exd5 9. O-O h6 10. Bc2 Nc6 11. h3 Ne7
12. Ng3 Ng6 13. Be3 Nh4 14. Qd3 Re8 15. Bd2 Bf8 16. Rae1 Be6
17. Bf4 Ng6 18. Be5 Bb4 19. f4 Bxc3 20. bxc3 Nf8 21. Bb3 a6
22. Bxf6 Qxf6 23. f5 Bd7 24. Bxd5 Bb5 25. c4 Rxe1 26. Rxe1 Rd8
27. Qe3 Bc6 28. Ne4 Qh4 29. Bxc6 bxc6 30. Rf1 Nh7 31. Rf4 Qh5
32. Kh2 Qd1 33. Nc3 Qa1 34. d5 cxd5 35. Nxd5 Nf6 36. Qe7 Rc8
37. Nxf6+ Qxf6 38. Qxf6 gxf6 39. Rd4 Rc5 40. g4 Kg7 41. a3 a5
42. a4 Rc7 43. Kg3 Rb7 44. Kf4 Rb4 45. Ke4 Rxa4 46. c5 Ra1
47. c6 a4 48. Kd5 a3 49. c7 Rc1 50. Kd6 a2 51. Ra4 Rd1+
52. Ke7 Re1+ 53. Kd7 Rd1+ 54. Kc6 Rc1+ 55. Kb7 Rb1+ 56. Kc6
Rc1+ 57. Kb6 Rb1+ 1/2-1/2

[Event "TOP 12 Feminin GpB"]
[Site "Mulhouse FRA"]
[Date "2017.05.08"]
[EventDate "2017.05.05"]
[Round "5.1"]
[Result "1/2-1/2"]
[White "Elisabeth Paehtz"]
[Black "Sabrina Vega Gutierrez"]
[WhiteElo "2474"]
[BlackElo "2413"]
[PlyCount "39"]

1. d4 d5 2. Nf3 Nf6 3. c4 dxc4 4. Qa4+ Nc6 5. Nc3 e6 6. a3 Bd6
7. Bg5 O-O 8. Rd1 h6 9. Bh4 Bd7 10. Qxc4 b5 11. Qd3 b4 12. Ne4
bxa3 13. Nxf6+ gxf6 14. bxa3 Qe7 15. Nd2 Bxa3 16. Qg3+ Kh7
17. Qd3+ Kg7 18. Qg3+ Kh7 19. Qd3+ Kg7 20. Qg3+ 1/2-1/2

[Event "Isle of Man Open"]
[Site "Douglas ENG"]
[Date "2017.09.24"]
[EventDate "2017.09.23"]
[Round "2.38"]
[Result "1-0"]
[White "Yifan Hou"]
[Black "Elisabeth Paehtz"]
[WhiteElo "2670"]
[BlackElo "2453"]
[PlyCount "80"]

1. e4 e5 2. Nf3 Nc6 3. Bb5 a6 4. Ba4 Nf6 5. O-O Be7 6. Re1 b5
7. Bb3 O-O 8. h3 Bb7 9. d3 d5 10. exd5 Nxd5 11. a4 Nd4
12. Nxd4 exd4 13. axb5 axb5 14. Rxa8 Bxa8 15. Na3 Bb4 16. Bd2
Bxd2 17. Qxd2 Qd7 18. Qg5 h6 19. Qe5 c5 20. Nxb5 Qxb5 21. Bxd5
Qxb2 22. Bxa8 Rxa8 23. Qxc5 Ra1 24. Rxa1 Qxa1+ 25. Kh2 g6
26. Kg3 h5 27. Kh4 Qa8 28. f3 Qd8+ 29. Kg3 Qb8+ 30. f4 Qb2
31. Kh4 Qb7 32. Kg5 Kh7 33. Kf6 Qd7 34. f5 Kg8 35. g4 hxg4
36. hxg4 gxf5 37. gxf5 Qd8+ 38. Qe7 Qb6+ 39. Kg5 Qa6 40. Qe4
Kh7 1-0